Statistiques concernant Personnages de Harry Potter par leur première réplique

Cliquez ici pour prendre le quiz!

Statistiques générales

  • Ce quiz a été pris 5 674 fois
  • Le résultat moyen est 33 sur 51

Statistiques - réponses

RépliqueTomePersonnage% Correct
Fred, c'est pas moi, moi, c'est George. Franchement, tu crois que c'est digne d'une mère de confondre ses enfants ? Tu ne vois pas que je suis George ?EdSFred Weasley
92%
Grand-mère, j'ai encore perdu mon crapaud.EdSNeville Londubat
92%
Vous n'auriez pas vu un crapaud ? Neville a perdu le sien.EdSHermione Granger
90%
Harry Potter. Oh, Monsieur, il y a si longtemps que Dobby rêvait de faire votre connaissance... C'est un si grand honneur...CdSDobby
89%
P... P... Potter ... V ... V... Vous ne pou... pouvez pas savoir à... à quel point je suis heu... heu... heureux de vous rencontrer.EdSQuirinus Quirrell
89%
La gare est pleine de Moldus, il fallait s'y attendre.EdSMolly Weasley
87%
Je ne peux pas rester très longtemps, Maman. Je dois aller à l'avant du train, les préfets ont un compartiment réservé.EdSPercy Weasley
87%
Ah oui. Harry Potter. Notre nouvelle... célébrité.EdSSeverus Rogue
87%
Le mot de passe ?EdSLa Grosse Dame
86%
Ne touche à rien, Drago.CdSLucius Malefoy
85%
S... Sirius... R... Remus... Mes amis... Mes chers vieux amis...PdAPeter Pettigrow
83%
Alors, qu'est-ce que vous attendez ? Mettez-vous chacun devant un balai. Allez, dépêchez-vous !EdSRolanda Bibine
83%
M'man ! Laisse-moi tranquille !EdSRon Weasley
83%
Sers-toi du garçon... Sers-toi du garçon...EdSVoldemort
82%
Veux pas !EdSDudley Dursley
81%
9 ¾. Moi aussi, je veux aller à Poudlard.EdSGinny Weasley
81%
Où est mon Duddy chéri ? Où est-il, mon petit neveu adoré ?PdAMarjorie Dursley
76%
Serre numéro trois, aujourd'hui !CdSPomona Chourave
73%
Angelina Johnson, de l'équipe de Gryffondor, s'empare immédiatement du Souafle. Cette fille est décidément un excellent poursuiveur, et en plus, elle est plutôt jolie...EdSLee Jordan
72%
Sacré petit bonhomme !EdSVernon Dursley
72%
L'ai empruntée, professeur Dumbledore, Monsieur. C'est le jeune Sirius Black qui me l'a prêtée.EdSRubeus Hagrid
70%
Quelle nuit. Neuf interventions ! Neuf ! Un certain Mondingus Fletcher a essayé de me jeter un sort pendant que j'avais le dos tourné.CdSArthur Weasley
68%
Je pense ne pas vous avoir très bien compris, professeur Dumbledore. C'est sans doute idiot de ma part mais il m'a semblé, pendant un très court moment, vous entendre suggérer que le ministère de la Magie avait lancé une attaque sur ce garçon !OdPDolores Ombrage
67%
Ma parole, ce n'est quand même pas Harry Potter ?CdSGilderoy Lockhart
63%
Je n'suis pas d'une beauté suprême
Mais faut pas s'fier à ce qu'on voit
Je veux bien me manger moi-même
Si vous trouvez plus malin qu'moi
EdSLe Choixpeau magique
63%
J'aurais dû m'en douter.EdSAlbus Dumbledore
62%
Salut. Toi aussi, tu vas à Poudlard ?EdSDrago Malefoy
61%
Mon cheur Dambleudore, je suis ravie de constateu que vous aveu l'eur en parfeute santeu.CdFOlympe Maxime
61%
Bienvenue à bord du Magicobus, transport d'urgence pour sorcières et sorciers en perdition. Faites un signe avec votre baguette magique et montez, montez, nous vous emmènerons où vous voudrez.PdAStan Rocade
61%
Cherche ma belle, cherche bien, ils doivent se cacher dans un coin.EdSArgus Rusard
60%
Sale affaire, Hagrid. Très sale affaire. Il fallait que j'intervienne. Quatre agressions contre des enfants de Moldus. Les choses sont allées suffisamment loin comme ça. Le ministère doit agir.CdSCornelius Fudge
60%
Nous aussi, nous avons un château, mais pas aussi grrrand ni aussi conforrrtable. Nous avons seulement quatrrre étages et on n'allume les feux dans les cheminées que pourrr la prrratique de la magie.CdFViktor Krum
60%
Comment avez-vous su que c'était moi ?EdSMinerva McGonagall
59%
Dumbledore ! Comment allez-vous, mon cher ami, comment allez-vous ?CdFIgor Karkaroff
58%
Ooooooooh ! Voilà les petits nouveaux ! On va bien s'amuser !EdSPeeves
53%
Excusez-moi, vous avez fini avec la bouillabaisse ?CdFFleur Delacour
51%
Bienvenue. Je suis heureuse de vous voir enfin dans le monde physique.PdASibylle Trelawney
50%
Morsmordre !CdFBarty Croupton Jr
47%
Est-ce que le monsieur m'a appelée Dobby ?CdFWinky
47%
Ça, par exemple ! Arthur, mon vieil ami ! Quelle belle journée, hein ? Quelle journée ! Est-ce qu'on aurait pu imaginer un plus beau temps ? Une soirée sans nuages qui s'annonce... Et pas la moindre anicroche dans l'organisation... Je n'ai pas grand-chose à faire !CdFLudo Verpey
46%
Oui. Oui, je me suis bien amusée. Toi, tu t'appelles Harry Potter.OdPLuna Lovegood
46%
Mr Malefoy, quel plaisir de vous revoir. Je suis ravi, vraiment... et le jeune monsieur Malefoy est là également, j'en suis enchanté... Que puis-je faire pour vous ? Il faut absolument que je vous montre ce que je viens de recevoir aujourd'hui même, à un prix très raisonnable...CdSMr Barjow
46%
Baisse ta baguette, mon garçon, tu risques d'éborgner quelqu'un.OdPAlastor Maugrey Fol Œil
44%
Colin, je suis tombé dedans ! C'était formidable ! Et il y a quelque chose dans l'eau qui m'a attrapé et m'a remis dans le bateau !CdFDennis Crivey
44%
Non, merci, Ludo. Je vous ai cherché partout. Les Bulgares insistent pour que nous ajoutions douze sièges dans la tribune officielle.CdFBarty Croupton Sr
43%
Tu prends la défense de Londubat, Parvati ? Je ne savais pas que tu aimais les gros pleurnichards.EdSPansy Parkinson
41%
Et la tasse de Neville, alors ?PdALavande Brown
34%
C'qui s'passe, Figgy ? On peut savoir pourquoi tu sors de la clandestinité ?OdPMondingus Fletcher
33%
Ah, ah ! Qui sont ces manants qui s'aventurent sur mes terres ? Serait-on venu s'esbaudir de ma chute ? En garde, marauds !PdALe Chevalier du Catogan
32%
Renvoyez-le ! Carton rouge !EdSDean Thomas
30%
Vermine ! Saletés ! Résidus de pourriture et d'abjection ! Bâtards, mutants, monstres, quittez cette maison ! Comment osez-vous souiller la demeure de mes aïeux ?OdPWalburga Black
28%

Distribution des résultats

Percentile par nombre de réponses

% des personnes avec chaque résultat

Votre développement - résultats

Vous n’avez pas pris ce quiz